ბათუმის შოთა რუსთაველის სახელმწიფო უნივერსიტეტის ბიბლიოთეკა

გერმანიის ფედერალური საკონსტიტუციო სასამართლოს გადაწყვეტილებები / (ბიბ.ჩანაწერი № 37707)

000 -ლიდერი
ფიქსირებული სიგრძის საკონტროლო ველი 01526nam a2200277Ia 4500
001 - საკონტროლო ნომერი
საკონტროლო ველი 3681
003 - საკონტროლო ნომრის იდენტიფიკატორი
საკონტროლო ველი GE_BSU
005 - ბოლო ოპერაციის თარიღი და დრო
საკონტროლო ველი 20190625160341.0
008 - ფიქსირებული სიგრძის მონაცემთა ელემენტები - ზოგადი ინფორმაცია
ფიქსირებული სიგრძის საკონტროლო ველი 181216s2011||||ge |||||||||||||| ||geo||
020 ## - წიგნის საერთაშორისო სტანდარტული ნომერი
International Standard Book Number 9789941918179
040 ## - კატალოგიზაციის წყარო
Transcribing agency GE_BSU
041 ## - ენის კოდი
Language code of text/sound track or separate title geo
080 ## - უნივერსალური ათობითი კლასიფიკაციის ინდექსი
Universal Decimal Classification number 342.4(430) შ–58
100 ## - მთავარი ჩანაწერი - პიროვნების სახელი
Personal name შვაბე, იურგენ
9 (RLIN) 2900
245 ## - ცნობა სათაურის შესახებ
Title გერმანიის ფედერალური საკონსტიტუციო სასამართლოს გადაწყვეტილებები /
Statement of responsibility, etc იურგენ შვაბე / მთარგმნ. ეთერ ჩაჩანიძე ; სამეცნ. რედ.: კონსტანტინე კუბლაშვილი და სხვ.
264 ## - წარმოების, გამოცემის, დისტრიბუციის და სხვა ცნობები
გამოცემის, წარმოების, დისტრიბუციის... ადგილი თბილისი,
გამოცემის, წარმოების, დისტრიბუციის... თარიღი 2011.
300 ## - ფიზიკური აღწერა
Extent 463 გვ.;
Other physical details 23 სმ.
501 ## - შენიშვნა თანმხლებ მასალაზე
With note დანართები: გვ. 461-463.
653 ## - INDEX TERM--UNCONTROLLED
Uncontrolled term გერმანიის საკონტიტუციო სასამართლო
700 ## - ADDED ENTRY--PERSONAL NAME
Personal name ჩაჩანიძე, ეთერ
Relator term მთარგმნელი
9 (RLIN) 2901
700 ## - ADDED ENTRY--PERSONAL NAME
Personal name კუბლაშვილი, კონსტანტინე
Relator term რედაქტორი
9 (RLIN) 197
700 ## - ADDED ENTRY--PERSONAL NAME
Personal name ნინიძე, თევდორე
Relator term რედაქტორი
9 (RLIN) 2902
700 ## - ADDED ENTRY--PERSONAL NAME
Personal name ლოლაძე, ბესო
Relator term რედაქტორი
9 (RLIN) 2903
700 ## - ADDED ENTRY--PERSONAL NAME
Personal name ერემაძე, ქეთევან
Relator term რედაქტორი
9 (RLIN) 2904
942 ## - ADDED ENTRY ELEMENTS (KOHA)
Koha item type წიგნი
Source of classification or shelving scheme
ეგზემპლარები
ჩამოწერის სტატუსი დაკარგული ეგზემპლარის სტატუსი კლასიფიკაციის წყარო ან თაროზე გაწყობის სქემა დაზიანების სტატუსი არ გაიცემა მუდმივი მდებარეობა (დაცვის ადგილი) ამჟამინდელი ადგილსამყოფელი თაროზე განთავსების ადგილი შეძენის თარიღი სრული შენახვის შიფრი შტრიხკოდი ბოლო ოპერაციის თარიღი ეგზემპლარის მიმდევრობითი ნომერი (კეტერი?) ფასის ძალაში შესვლის თარიღი ეგზემპლარის სახეობა საჯარო შენიშვნა
          ბათუმის შოთა რუსთაველის სახელმწიფო უნივერსიტეტის მთავარი ბიბლიოთეკა ბათუმის შოთა რუსთაველის სახელმწიფო უნივერსიტეტის მთავარი ბიბლიოთეკა წიგნსაცავი 2018-12-17 342.4(430) შ–58 5156 2018-12-17 5156 2018-12-17 წიგნი
          ბათუმის შოთა რუსთაველის სახელმწიფო უნივერსიტეტის მთავარი ბიბლიოთეკა ბათუმის შოთა რუსთაველის სახელმწიფო უნივერსიტეტის მთავარი ბიბლიოთეკა წიგნსაცავი 2018-12-17 342.4(430) შ–58 5203 2018-12-17 5203 2018-12-17 წიგნი
          ბათუმის შოთა რუსთაველის სახელმწიფო უნივერსიტეტის მთავარი ბიბლიოთეკა ბათუმის შოთა რუსთაველის სახელმწიფო უნივერსიტეტის მთავარი ბიბლიოთეკა წიგნის კალათა 2018-12-17 342.4(430) შ–58 5204 2018-12-17 5204 2018-12-17 წიგნი
          ბათუმის შოთა რუსთაველის სახელმწიფო უნივერსიტეტის მთავარი ბიბლიოთეკა ბათუმის შოთა რუსთაველის სახელმწიფო უნივერსიტეტის მთავარი ბიბლიოთეკა წიგნსაცავი 2018-12-17 342.4(430) შ–58 5205 2018-12-17 5205 2018-12-17 წიგნი
          ბათუმის შოთა რუსთაველის სახელმწიფო უნივერსიტეტის მთავარი ბიბლიოთეკა ბათუმის შოთა რუსთაველის სახელმწიფო უნივერსიტეტის მთავარი ბიბლიოთეკა წიგნსაცავი 2018-12-17 342.4(430) შ–58 5206 2018-12-17 5206 2018-12-17 წიგნი
          ბათუმის შოთა რუსთაველის სახელმწიფო უნივერსიტეტის მთავარი ბიბლიოთეკა ბათუმის შოთა რუსთაველის სახელმწიფო უნივერსიტეტის მთავარი ბიბლიოთეკა წიგნსაცავი 2018-12-17 342.4(430) შ–58 5207 2018-12-17 5207 2018-12-17 წიგნი